Plant atmosphere relationships (Record no. 38090)

MARC details
000 -LEADER
fixed length control field 00373nam a2200145Ia 4500
082 ## - DEWEY DECIMAL CLASSIFICATION NUMBER
Classification number 581.5
Item number GRA
100 ## - MAIN ENTRY--AUTHOR NAME
Personal name GRACE, J
245 #0 - TITLE STATEMENT
Title Plant atmosphere relationships
260 ## - PUBLICATION, DISTRIBUTION, ETC. (IMPRINT)
Place of publication London
Name of publisher Chapman & Hall
Year of publication 1983
490 ## - SERIES STATEMENT
Series statement Outline studies in ecology
650 ## - SUBJECT ADDED ENTRY--TOPICAL TERM
Topical Term Ecology
650 ## - SUBJECT ADDED ENTRY--TOPICAL TERM
Topical Term Radiation coupling
942 ## - ADDED ENTRY ELEMENTS (KOHA)
Koha item type Books
Holdings
Withdrawn status Lost status Damaged status Not for loan Home library Current library Date acquired Full call number Accession Number Koha item type
        RRII Library RRII Library 16/12/2021 581.5 GRA 18457 Books